000 00859nam a2200265 a 4500
999 _c1744
_d1744
007 ta
008 200117t2008 xxuad||g |||| 00| 0 eng d
020 _a9780821375839
040 _aKO
_beng
041 0 _aeng
044 _axxu
082 0 4 _223
_a303.4833094
_bG5644
245 1 0 _aGlobalization and Technology Absorption in Europe and Central Asia :
_bThe Role of Trade, FDI, and Cross-border Knowledge Flows /
_cIthak Goldberg...[et al.]
260 _aWashington, D. C. :
_bThe World Bank ,
_c2008 .
300 _axxiii , 123 p. :
_bill., Charts. ;
_c26 cm
490 0 _aWorld Bank Working Paper ;
_vVol. 150
650 0 _aGlobalization
_vTextbooks
700 _aGoldberg, Ithak
_eaut
700 _aBranstetter, Lee
_eaut
700 _aGoddard, John Gabriel
_eaut
700 _aKuriakose, Smita
_eaut
904 _aReshma_R
942 _cRT